000 00292nam a2200109Ia 4500
008 200302s9999 xx 000 0 und d
100 _aFrank Harris and Ronald Mc Caffer
245 _aModern Construction Management 7th ed
260 _bJohn Wiley and Sons ,Inc
260 _c2013
300 _a558
999 _c5338
_d5338